[Event "FRA-ch opA U18"]
[Site "Calvi"]
[Date "2005.04.??"]
[Round "4"]
[White "Hourlier, Arnaud"]
[Black "Gabriel, Florent"]
[Result "0-1"]
[WhiteElo "1380"]
[BlackElo "1810"]
[PlyCount "54"]
[EventDate "2005.04.??"]
[EventType "swiss"]
[EventRounds "9"]
[EventCountry "FRA"]
[SourceTitle "EXT 2006"]
[Source "ChessBase"]
[SourceDate "2005.11.24"]
[SourceVersion "1"]
[SourceVersionDate "2005.11.24"]
[SourceQuality "1"]

1. d4 d5 2. c4 c6 3. Nc3 dxc4 4. e4 b5 5. a4 b4 6. Na2 e6 7. Bxc4 a5 8. Nf3 Nf6 9. Bd3 Ba6 10. Bc2 Be7 11. Bd2 c5 12. dxc5 Bxc5 13. Nc1 Ng4 14. Be3 Qxd1+ 15. Bxd1 Nxe3 16. fxe3 Bxe3 17. Nb3 Bb6 18. Ne5 0-0 19. Bg4 Rc8 20. Rd1 Rc2 21. Nd4 Rxb2 22. Be2 Bxd4 23. Rxd4 Rxe2+ 24. Kd1 g6 25. Rd6 Rxe4 26. Rd8+ Kg7 27. Nd7 Rd4+ 0-1